000 00313nam a22001457a 4500
008 210607b ||||| |||| 00| 0 eng d
020 _a0801619645
041 _aeng
080 _a611
082 _a611
100 _a6
101 _aANA
245 _aDiseases of the Cornea
_cMerrill Grayson
942 _2udc
_cBK
999 _c57991
_d57991